Sociologie I. : vybrané kapitoly ze základů sociologie a demografie /

Hlavní autor: Zapletal, Ladislav, 1946-
Korporativní autor: Institut mezioborových studií Brno
Další autoři: Jilčík, Tomáš
Jazyk: Čeština
Vydáno: Brno : Institut mezioborových studií, 2003
Témata:
Externí odkaz: Digitalizovaný dokument
Fyzický popis: 67 s. ; 30 cm
Knihy
Uloženo v:
LEADER 01584nam a2200397 a 4500
001 001383611
003 CZ BrMZK
005 20140512132050.0
007 ta
008 140428s2003 xr e p 000 0 cze
015 |a cnb001854113 
020 |q (Brož.) 
035 |a (OCoLC)320410540 
040 |a BOA001  |b cze 
072 7 |a 316  |x Sociologie  |2 Konspekt  |9 18 
072 7 |a 37.016  |x Učební osnovy. Vyučovací předměty. Učebnice  |2 Konspekt  |9 22 
080 |a 316  |2 MRF 
080 |a 314  |2 MRF 
080 |a (075.8)  |2 MRF 
100 1 |a Zapletal, Ladislav,  |d 1946-  |7 ola2003209144  |4 aut 
245 1 0 |a Sociologie I. :  |b vybrané kapitoly ze základů sociologie a demografie /  |c Ladislav Zapletal, Tomáš Jilčík 
260 |a Brno :  |b Institut mezioborových studií,  |c 2003 
300 |a 67 s. ;  |c 30 cm 
504 |a Obsahuje bibliografie 
521 8 |a Určeno studentům kombinovaného studia studijního oboru Sociální pedagogika 
500 |a Dostupné též v digitální podobě v aplikaci Kramerius 
650 0 7 |a sociologie  |7 ph116198  |2 czenas 
650 0 7 |a demografie  |7 ph117181  |2 czenas 
655 7 |a učebnice vysokých škol  |7 fd133772  |2 czenas 
700 1 |a Jilčík, Tomáš  |7 jx20090227015  |4 aut 
710 2 |a Institut mezioborových studií Brno  |7 kn20030815003 
856 4 1 |u http://www.digitalniknihovna.cz/mzk/uuid/uuid:61972510-7953-11e5-99af-005056827e52  |y Digitalizovaný dokument  |x NDK 
910 |a BOA001  |b 4-1325.795 
990 |a BK 
991 |b 201405  |e n 
996 6 |b 2610590682  |c 4-1325.795  |l MZK  |r Sklad / do 1 hodiny  |n 4  |p dar  |w 001419148  |u 000010  |a 1  |e BOA001  |j MZK50  |s P